Règles du rugby: Vrai ou Faux? - Statistiques

Statistiques générales
  • Ce quiz a été pris 5 567 fois
  • Le résultat moyen est 14 sur 20
Statistiques - réponses
Question Réponse % Correct
Un drop peut être marqué de n'importe où. Vrai
92%
Il est possible d'aplatir le ballon dans son propre en-but sans marquer contre son camp. Vrai
90%
Il est permis de jouer le ballon à la main sur une pénalité. Vrai
84%
Si un joueur ne se baisse pas au moment de plaquer un joueur adverse, cela peut être rétrogradé en plaquage dangereux et cause une . Vrai
84%
Les lignes de touche sont considérées hors du terrain, mais la ligne d'en-but est considérée comme zone de marque. Vrai
83%
Il est interdit de toucher un joueur en l'air s'il est en possession du ballon, sauf dans le cas d'une lutte aérienne après un jeu au pied. Vrai
82%
Un joueur a le droit de contester le ballon s'il n'est pas en situation de plaquage, qu'il fait bien l'effort de se sortir de la zone de ruck, et gratte le ballon sur ses appuis sans que ses mains n'aient touché le sol à aucun moment. Vrai
82%
Un botté en touche directe depuis les 22m peut être invalidé si le joueur est rentré avec le ballon dans ses 22m. Vrai
80%
Un joueur en possession du ballon, coffré et maintenu debout par plusieurs membres de l'équipe adverse, est en position délictuelle si le ballon ne sort pas au bout d'un temps défini par l'arbitre. Vrai
77%
Le jeu s'arrête à la sirène des 80 minutes, sauf si l'équipe qui perd le match est en possession du ballon. Faux
76%
Un joueur peut remettre en jeu rapidement une touche en toutes circonstances. Faux
74%
Les tirs au but n'existent pas au rugby: après les prolongations, les deux équipes continuent à mort subite. Faux
74%
Un joueur est expulsé s'il soulève le joueur adverse du sol. Faux
72%
La distance minimale à respecter pour faire un lancer en touche à soi-même est de 10 mètres. Faux
69%
Un joueur portant le ballon dans un maul est en position délictuelle si ce dernier se délie du groupe qu'il conduit et qu'il s'y rattache après. Vrai
69%
Le joueur ne peut pas se saisir du ballon si celui-ci est en dehors des limites du terrain. Faux
68%
Il n'existe aucune règle qui donne une longueur précise aux en-buts. Vrai
60%
Un joueur hors-jeu peut être remis en jeu si son équipe joue au pied. Faux
54%
Le temps donné au botteur pour tirer un transformation est le même que celui pour une pénalité. Faux
48%
Pour qu'un essai soit validé, il faut que les doigts soient manifestement posés sur le ballon et exercent une pression du haut vers le bas. Faux
19%
Aucun quiz correspondant
Distribution des résultats
% des personnes avec chaque résultat
Percentile par nombre de réponses
Votre historique - résultats
Vous n’avez pas pris ce quiz